[Event "56th Biel Festival MTO 2023"]
[White "Ribiere,Damien"]
[Black "Gemelli,Romain"]
[Site "Biel"]
[Round "9.38"]
[Annotator "ChessBase"]
[Result "1-0"]
[Date "2023.07.27"]
[WhiteElo "2213"]
[BlackElo "2122"]
[PlyCount "94"]

1. e4 c5 2. Nc3 Nc6 3. Bb5 Nd4 4. Nf3 a6 5. Bd3 g6 6. O-O Bg7 7. Re1 d6 8. h3 Nf6 9. Nxd4 cxd4 10. Ne2 e5 11. c3 dxc3 12. dxc3 O-O 13. Ng3 Be6 14. Qe2 d5 15. Bg5 h6 16. exd5 Bxd5 17. Be3 Qc7 18. f3 Rfe8 19. Bf2 Bc6 20. c4 b6 21. h4 h5 22. Rad1 Bf8 23. Ne4 Nxe4 24. Bxe4 Bb4 25. Rf1 Bxe4 26. Qxe4 Rad8 27. Qe2 Bc5 28. b3 Rxd1 29. Rxd1 e4 30. fxe4 Bxf2+ 31. Qxf2 Qc6 32. Rf1 Re7 33. e5 Qe6 34. Qf6 Qxe5 35. Qxb6 Rd7 36. Qf6 Qe4 37. Qf2 f5 38. Re1 Qg4 39. Qc5 Qxh4 40. Qc8+ Rd8 41. Qe6+ Kg7 42. Qe7+ Qxe7 43. Rxe7+ Kf6 44. Ra7 Rd1+ 45. Kh2 h4 46. c5 Kg5 47. g3 h3 1-0

[Event "56th Biel Festival MTO 2023"]
[White "Adocchio,Giampiero"]
[Black "Adam,Rafael"]
[Site "Biel"]
[Round "9.39"]
[Annotator "ChessBase"]
[Result "1-0"]
[Date "2023.07.27"]
[WhiteElo "2165"]
[BlackElo "2117"]
[PlyCount "73"]

1. d4 Nf6 2. c4 e6 3. Nc3 d5 4. cxd5 exd5 5. Bg5 c6 6. e3 Nbd7 7. Bd3 Be7 8. Qc2 Nh5 9. Bxe7 Qxe7 10. O-O-O Nb6 11. Kb1 Be6 12. Nf3 O-O-O 13. h3 Kb8 14. Rc1 Nf6 15. Ne5 Rc8 16. Qb3 Ne4 17. Qc2 f6 18. Nf3 Bf5 19. Ka1 Rce8 20. Bxe4 dxe4 21. Nd2 Bg6 22. Na4 Nxa4 23. Qxa4 Bf7 24. Nb1 f5 25. Rc5 Bd5 26. Rhc1 Rd8 27. g3 g5 28. Qa3 Qd7 29. b4 a6 30. Nc3 Qe6 31. Qa5 Ka7 32. b5 cxb5 33. Nxb5+ Kb8 34. Nc7 b6 35. Nxa6+ Ka8 36. Nc7+ Kb8 37. Qb5 1-0

[Event "56th Biel Festival MTO 2023"]
[White "Toktomushev,Teimur"]
[Black "Coles,Robin"]
[Site "Biel"]
[Round "9.40"]
[Annotator "ChessBase"]
[Result "1-0"]
[Date "2023.07.27"]
[WhiteElo "2206"]
[BlackElo "2070"]
[PlyCount "59"]

1. d4 d5 2. c4 e6 3. Nc3 Nf6 4. cxd5 exd5 5. Bg5 c6 6. e3 h6 7. Bh4 Be7 8. Bd3 O-O 9. Bg3 Re8 10. Nf3 Nbd7 11. h3 Nf8 12. O-O Bd6 13. Ne5 a6 14. Rc1 c5 15. Bb1 c4 16. f4 Be7 17. Bh4 N6h7 18. Bxe7 Rxe7 19. Qf3 f6 20. Qxd5+ Be6 21. Qxd8 Rxd8 22. Nf3 b5 23. e4 Bf7 24. d5 Nd7 25. Nd4 Ree8 26. Nc6 Rc8 27. a4 Nc5 28. axb5 axb5 29. Nxb5 Nb3 30. Nd6 1-0

[Event "56th Biel Festival MTO 2023"]
[White "Perkampus,Laurin"]
[Black "Papaux,Steve"]
[Site "Biel"]
[Round "9.41"]
[Annotator "ChessBase"]
[Result "1/2-1/2"]
[Date "2023.07.27"]
[WhiteElo "2197"]
[BlackElo "2064"]
[PlyCount "47"]

1. d4 Nf6 2. c4 g6 3. Nc3 d5 4. cxd5 Nxd5 5. e4 Nxc3 6. bxc3 Bg7 7. Nf3 c5 8. Bb5+ Nc6 9. O-O O-O 10. Be3 Bg4 11. d5 Ne5 12. Be2 Nxf3+ 13. Bxf3 Bxf3 14. Qxf3 Bxc3 15. Rab1 b6 16. Bxc5 Be5 17. Ba3 Rc8 18. Rbc1 Qd7 19. g3 f5 20. exf5 Rxc1 21. Rxc1 Rxf5 22. Qe4 Kg7 23. Re1 Kf7 24. Rd1 1/2-1/2

[Event "56th Biel Festival MTO 2023"]
[White "Ludwig,Peter"]
[Black "Hornung,Hans"]
[Site "Biel"]
[Round "9.42"]
[Annotator "ChessBase"]
[Result "0-1"]
[Date "2023.07.27"]
[WhiteElo "2147"]
[BlackElo "2047"]
[PlyCount "58"]

1. Nf3 Nf6 2. c4 d6 3. g3 g6 4. Bg2 Bg7 5. O-O O-O 6. Nc3 c6 7. Rb1 d5 8. cxd5 cxd5 9. d3 Nc6 10. b4 d4 11. Ne4 Nxe4 12. dxe4 Be6 13. b5 Na5 14. Qa4 Nc4 15. Rd1 Rc8 16. Qxa7 Qb6 17. Qxb6 Nxb6 18. Nxd4 Bxa2 19. Rb2 Bc4 20. Be3 Na4 21. Rc2 e5 22. Bh3 exd4 23. Bxc8 Bb3 24. Rdc1 Bxc2 25. Rxc2 dxe3 26. Bxb7 Nc3 27. Bc6 exf2+ 28. Kxf2 Rb8 29. e5 Bxe5 0-1

[Event "56th Biel Festival MTO 2023"]
[White "Erne,Raphael"]
[Black "Jaksland,Tim"]
[Site "Biel"]
[Round "9.43"]
[Annotator "ChessBase"]
[Result "1/2-1/2"]
[Date "2023.07.27"]
[WhiteElo "2077"]
[BlackElo "2136"]
[PlyCount "82"]

1. c4 e5 2. g3 Nf6 3. Bg2 d5 4. cxd5 Nxd5 5. Nf3 Nc6 6. O-O Nb6 7. b3 Be6 8. Bb2 f6 9. d4 e4 10. Ne1 f5 11. f3 exf3 12. Nxf3 Be7 13. Nc3 Nd5 14. Qd3 O-O 15. Nxd5 Bxd5 16. Ne1 Qd7 17. Bxd5+ Qxd5 18. Qc4 Rad8 19. Qxd5+ Rxd5 20. Nc2 Bg5 21. e3 Re8 22. Rfe1 a5 23. a4 Bf6 24. Kf2 Re4 25. Bc3 h5 26. Na3 Be7 27. Nb5 Rd7 28. Rac1 Nb4 29. Red1 c6 30. Bxb4 Bxb4 31. Nc3 Re8 32. Na2 Ba3 33. Rc3 Kf7 34. Rcd3 Red8 35. Ke2 Be7 36. Nc3 Bf6 37. Na2 h4 38. Nc3 hxg3 39. hxg3 Rh8 40. Kf3 Rhd8 41. Nb1 Rd5 1/2-1/2

[Event "56th Biel Festival MTO 2023"]
[White "Rotunno,Flavio"]
[Black "Stijve,Niels"]
[Site "Biel"]
[Round "9.44"]
[Annotator "TA"]
[Result "1/2-1/2"]
[Date "2023.07.27"]
[WhiteElo "2005"]
[BlackElo "2088"]
[PlyCount "37"]

1. d4 Nf6 2. c4 g6 3. Nc3 d5 4. cxd5 Nxd5 5. Na4 e5 6. dxe5 Nc6 7. a3 Nxe5 8. e4 Nb6 9. Qxd8+ Kxd8 10. Nxb6 axb6 11. Bg5+ Be7 12. O-O-O+ Ke8 13. Bd2 Be6 14. Bc3 f6 15. Be2 Bb3 16. Rf1 b5 17. Bxb5+ c6 18. Be2 b5 19. Nf3 1/2-1/2

[Event "56th Biel Festival MTO 2023"]
[White "Malli,Suvirr"]
[Black "Giacomini,Hector"]
[Site "Biel"]
[Round "9.45"]
[Annotator "ChessBase"]
[Result "0-1"]
[Date "2023.07.27"]
[WhiteElo "2094"]
[BlackElo "2126"]
[PlyCount "83"]

1. e4 c6 2. d4 d5 3. f3 dxe4 4. fxe4 e5 5. Nf3 exd4 6. Bc4 Nf6 7. O-O Nbd7 8. e5 Nd5 9. Bg5 Qb6 10. Bb3 Bc5 11. Kh1 O-O 12. Nbd2 Re8 13. Nc4 Qc7 14. Nd6 Bxd6 15. exd6 Qxd6 16. Qxd4 Qc5 17. Rae1 Re6 18. Rxe6 fxe6 19. c4 Qxd4 20. Nxd4 Nc7 21. Bd8 c5 22. Bxc7 cxd4 23. Rf4 Nf6 24. Rxd4 Bd7 25. Be5 Bc6 26. Bxf6 gxf6 27. Rd6 Re8 28. Kg1 Kg7 29. Kf2 Re7 30. c5 e5 31. Be6 a5 32. b3 Be8 33. Ke3 Rc7 34. Rb6 Bc6 35. g4 Kg6 36. Bc4 Kg5 37. Be2 h5 38. h3 hxg4 39. hxg4 Bd7 40. Bf3 Rxc5 41. Rxb7 Rc3+ 42. Ke2 0-1

[Event "56th Biel Festival MTO 2023"]
[White "Schnell,Simon"]
[Black "Jaivardhan Raj"]
[Site "Biel"]
[Round "9.46"]
[Annotator "TA"]
[Result "1-0"]
[Date "2023.07.27"]
[WhiteElo "2029"]
[BlackElo "2009"]
[PlyCount "67"]

1. d4 Nf6 2. c4 g6 3. Nc3 Bg7 4. e4 d6 5. Be2 O-O 6. Be3 e5 7. d5 a5 8. g4 Ne8 9. Qd2 Na6 10. O-O-O Nc5 11. h4 Nf6 12. f3 h5 13. Bg5 hxg4 14. h5 Qd7 15. h6 Bh8 16. h7+ Nxh7 17. Bh6 Re8 18. fxg4 Nf6 19. Qe3 b6 20. Nh3 Ba6 21. Nf2 Na4 22. g5 Nxc3 23. Qxc3 Nh7 24. Ng4 Qe7 25. Qe3 Bc8 26. Kb1 Bxg4 27. Bxg4 Bg7 28. Bxg7 Kxg7 29. Rxh7+ Kf8 30. Rf1 Reb8 31. Qh3 Qe8 32. Rfxf7+ Qxf7 33. Rxf7+ Kxf7 34. Be6+ 1-0

[Event "56th Biel Festival MTO 2023"]
[White "Peng,Xiongjian"]
[Black "Bu,Xiangzhi"]
[Site "Biel"]
[Round "10.1"]
[Annotator "TA"]
[Result "1/2-1/2"]
[Date "2023.07.28"]
[WhiteElo "2489"]
[BlackElo "2676"]
[PlyCount "66"]

1. d4 Nf6 2. Nf3 d5 3. c3 g6 4. h3 Bg7 5. Bf4 O-O 6. e3 c5 7. Nbd2 b6 8. Ne5 Bb7 9. Be2 Nfd7 10. Ndf3 f6 11. Nxd7 Nxd7 12. Bg3 e5 13. b4 cxb4 14. cxb4 Qe7 15. Rb1 e4 16. Nd2 f5 17. h4 Rfc8 18. a4 Nf8 19. a5 Rc3 20. a6 Bc6 21. b5 Be8 22. Rb3 Rac8 23. Rxc3 Rxc3 24. Nb1 Rc8 25. Qb3 Bf7 26. Nc3 Ne6 27. Nxd5 Qd8 28. Bc4 f4 29. O-O Nxd4 30. exd4 Rxc4 31. Nxf4 Rxd4 32. Qb1 Bf8 33. Re1 Rb4 1/2-1/2

[Event "56th Biel Festival MTO 2023"]
[White "Aryan Chopra"]
[Black "Rathanvel,V S"]
[Site "Biel"]
[Round "10.2"]
[Annotator "ChessBase"]
[Result "1/2-1/2"]
[Date "2023.07.28"]
[WhiteElo "2626"]
[BlackElo "2463"]
[PlyCount "92"]

1. e4 c5 2. Nf3 d6 3. d4 cxd4 4. Nxd4 Nf6 5. Nc3 a6 6. Be3 e5 7. Nb3 Be7 8. f3 Be6 9. Qd2 h5 10. Nd5 Nxd5 11. exd5 Bf5 12. Be2 a5 13. a4 Nd7 14. O-O O-O 15. f4 exf4 16. Bxf4 Rc8 17. c3 Nf6 18. Be3 Be4 19. Bd4 Nd7 20. Bb5 Bg5 21. Qe2 Bxd5 22. Nxa5 Bf6 23. Qxh5 Bxd4+ 24. cxd4 Ne5 25. dxe5 Rc2 26. Rf2 Rxf2 27. Kxf2 Qxa5 28. Rd1 Qb6+ 29. Kf1 Qc5 30. Qe2 dxe5 31. b4 Qd6 32. Kg1 Rc8 33. h3 Qe6 34. a5 e4 35. Qe3 Bc6 36. Be2 Qe5 37. Bc4 Re8 38. Qb3 Re7 39. Qe3 Bb5 40. Rd8+ Re8 41. Rxe8+ Bxe8 42. Qc5 Qf4 43. Qd4 Qc1+ 44. Kf2 Bc6 45. b5 e3+ 46. Qxe3 Qxc4 1/2-1/2

[Event "56th Biel Festival MTO 2023"]
[White "Liu,Yan"]
[Black "Shlyakhtenko,Robert"]
[Site "Biel"]
[Round "10.3"]
[Annotator "ChessBase"]
[Result "1/2-1/2"]
[Date "2023.07.28"]
[WhiteElo "2542"]
[BlackElo "2401"]
[PlyCount "48"]

1. c4 e5 2. g3 c6 3. Nf3 e4 4. Nd4 Nf6 5. Nc3 Qb6 6. Nb3 a5 7. d3 a4 8. Nd2 exd3 9. Bg2 Bb4 10. O-O O-O 11. exd3 Qa5 12. Nde4 Nxe4 13. Nxe4 d5 14. a3 dxe4 15. axb4 Qxb4 16. Bxe4 Nd7 17. Bg5 h6 18. Qd2 Qxd2 19. Bxd2 Nc5 20. Bb4 Nxe4 21. Bxf8 Nd2 22. Bb4 Nxf1 23. Kxf1 Bg4 24. Re1 Rd8 1/2-1/2

[Event "56th Biel Festival MTO 2023"]
[White "Nguyen,Ngoc Truong Son"]
[Black "Vantika Agrawal"]
[Site "Biel"]
[Round "10.4"]
[Annotator "ChessBase"]
[Result "1-0"]
[Date "2023.07.28"]
[WhiteElo "2645"]
[BlackElo "2428"]
[PlyCount "81"]

1. e4 c5 2. Nf3 d6 3. d4 cxd4 4. Nxd4 Nf6 5. Nc3 a6 6. g3 e5 7. Nb3 Be7 8. Bg5 Be6 9. Bxf6 Bxf6 10. h4 O-O 11. Qd2 a5 12. Bb5 Nc6 13. O-O Nd4 14. Nxd4 exd4 15. Nd5 Bxd5 16. exd5 Qb6 17. a4 Qc5 18. Bd3 Qxd5 19. Ra3 Rfe8 20. Rb3 g6 21. Qf4 Bg7 22. Rb6 Be5 23. Qg4 Bg7 24. Qd7 Rab8 25. Rxd6 Qc5 26. Rd5 Qc6 27. Qxc6 bxc6 28. Rxa5 Rxb2 29. Ra1 Rb4 30. Rc5 Ra8 31. a5 Bf8 32. Rxc6 Rab8 33. a6 Rb1+ 34. Rxb1 Rxb1+ 35. Kg2 Ra1 36. Bc4 Ra5 37. Rc7 Rc5 38. Bxf7+ Kg7 39. Rd7 Bd6 40. a7 Ra5 41. Bd5+ 1-0

[Event "56th Biel Festival MTO 2023"]
[White "Pranav Anand"]
[Black "Samadov,Read"]
[Site "Biel"]
[Round "10.5"]
[Annotator "ChessBase"]
[Result "0-1"]
[Date "2023.07.28"]
[WhiteElo "2510"]
[BlackElo "2482"]
[PlyCount "88"]

1. e4 c5 2. Nf3 d6 3. d4 cxd4 4. Nxd4 Nf6 5. Nc3 a6 6. h3 e5 7. Nf3 Be7 8. g4 h6 9. Rg1 g5 10. Nd2 Nbd7 11. Nc4 Nc5 12. Bg2 Be6 13. Ne3 Rc8 14. Nf5 Qb6 15. a3 Qc6 16. Nd5 Bxf5 17. exf5 e4 18. Nxe7 Kxe7 19. h4 gxh4 20. g5 hxg5 21. Bxg5 Ncd7 22. c3 h3 23. Bh1 Rcg8 24. Qd2 Kd8 25. O-O-O Kc8 26. Kb1 Qc5 27. Bf4 Rxg1 28. Rxg1 Ne5 29. Rg7 h2 30. Bxe5 Qxe5 31. Rxf7 Rg8 32. Qh6 Rg1+ 33. Kc2 Ne8 34. Rf8 Rxh1 35. f6 Kc7 36. f7 Qd5 37. Qd2 Qd3+ 38. Qxd3 exd3+ 39. Kb3 Re1 40. Rxe8 h1=Q 41. f8=Q Rxe8 42. Qxe8 Qd1+ 43. Kc4 Qe2 44. Qf7+ Kb6 0-1

[Event "56th Biel Festival MTO 2023"]
[White "Chasin,Nico"]
[Black "Harikrishnan.A.Ra"]
[Site "Biel"]
[Round "10.7"]
[Annotator "ChessBase"]
[Result "1-0"]
[Date "2023.07.28"]
[WhiteElo "2455"]
[BlackElo "2406"]
[PlyCount "57"]

1. Nf3 d5 2. g3 Nf6 3. Bg2 e6 4. O-O Be7 5. d4 b5 6. a4 b4 7. c4 bxc3 8. Nxc3 O-O 9. Bf4 c5 10. Rc1 Bb7 11. dxc5 Bxc5 12. Nxd5 Bxf2+ 13. Rxf2 Bxd5 14. Ne5 Qb6 15. Nc4 Qa6 16. b4 Ng4 17. Rf3 Bxc4 18. Rfc3 Bd5 19. e4 Qb6+ 20. Rc5 e5 21. exd5 exf4 22. Qxg4 Na6 23. Qxf4 Rad8 24. a5 Qxb4 25. Qxb4 Nxb4 26. Rb5 Nd3 27. Rc3 Ne5 28. Rb7 f5 29. Rcc7 1-0

[Event "56th Biel Festival MTO 2023"]
[White "Seul,Georg"]
[Black "Meshkovs,Nikita"]
[Site "Biel"]
[Round "10.8"]
[Annotator "ChessBase"]
[Result "1-0"]
[Date "2023.07.28"]
[WhiteElo "2376"]
[BlackElo "2565"]
[PlyCount "59"]

1. e4 c5 2. Nf3 Nc6 3. Bb5 g6 4. Bxc6 dxc6 5. d3 Nf6 6. h3 Nh5 7. O-O Qc7 8. e5 Ng7 9. Bh6 Ne6 10. Bxf8 Rxf8 11. Nbd2 b6 12. a3 f5 13. exf6 exf6 14. Ne4 Kf7 15. Re1 Kg7 16. Qd2 Nd4 17. Nxd4 cxd4 18. c3 Qd7 19. Qf4 dxc3 20. bxc3 Ba6 21. Re3 Rad8 22. Rae1 Qf5 23. Qg3 Qd5 24. d4 Rd7 25. Qf4 Bc4 26. h4 Bb3 27. h5 g5 28. h6+ Kh8 29. Qxf6+ Kg8 30. Rg3 1-0

[Event "56th Biel Festival MTO 2023"]
[White "Yuffa,Daniil"]
[Black "Sanchez Alvarez,Roberto Carlos"]
[Site "Biel"]
[Round "10.9"]
[Annotator "ChessBase"]
[Result "1-0"]
[Date "2023.07.28"]
[WhiteElo "2603"]
[BlackElo "2444"]
[PlyCount "121"]

1. c4 e6 2. Nc3 d5 3. d4 Nf6 4. cxd5 exd5 5. Bg5 c6 6. e3 h6 7. Bh4 Be7 8. Bd3 O-O 9. Bg3 c5 10. Nge2 Nc6 11. dxc5 Bxc5 12. O-O Bg4 13. a3 d4 14. Na4 Bxe2 15. Qxe2 Bd6 16. Bxd6 Qxd6 17. Rad1 a6 18. b4 a5 19. Nb6 Rae8 20. Nc4 Qc7 21. b5 Ne5 22. b6 Qb8 23. Nxe5 Qxe5 24. Bb5 Rd8 25. exd4 Qd6 26. Qd3 Qxb6 27. Rfe1 Rd6 28. Re7 Rfd8 29. Qc4 Nd5 30. Re8+ Rxe8 31. Bxe8 Qc7 32. Qb3 Nf4 33. Bb5 Qe7 34. Qe3 Qg5 35. Bf1 Ne6 36. g3 Qd8 37. Rb1 b6 38. d5 Rxd5 39. Qxb6 Qf6 40. Bc4 Rd4 41. Bxe6 fxe6 42. Qxa5 Qf3 43. Re1 Kh7 44. Qc5 Rd2 45. Qe3 Qxe3 46. Rxe3 Ra2 47. Kg2 h5 48. h4 g6 49. Kf3 Kg7 50. Rb3 Kf6 51. Ke4 Re2+ 52. Re3 Ra2 53. f4 Rd2 54. Rd3 Rc2 55. Kd4 Kf5 56. Rc3 Rb2 57. Rc5+ Kf6 58. Kc3 Rg2 59. Rg5 Ra2 60. Kb3 Ra1 61. a4 1-0

[Event "56th Biel Festival MTO 2023"]
[White "Nie,Xinyang"]
[Black "Albornoz Cabrera,Carlos Daniel"]
[Site "Biel"]
[Round "10.10"]
[Annotator "ChessBase"]
[Result "1/2-1/2"]
[Date "2023.07.28"]
[WhiteElo "2288"]
[BlackElo "2591"]
[PlyCount "181"]

1. d4 Nf6 2. c4 e6 3. Nf3 d5 4. h3 h6 5. Nc3 Bb4 6. Qc2 dxc4 7. e4 b5 8. a4 c6 9. Bd2 Bb7 10. e5 Nd5 11. Ne4 Be7 12. b3 Nb4 13. Qb1 cxb3 14. Qxb3 Qd5 15. Qb1 bxa4 16. Bxb4 Bxb4+ 17. Qxb4 Qxe4+ 18. Kd2 c5 19. Bb5+ Nd7 20. Qxa4 Qf4+ 21. Ke2 O-O 22. Bxd7 Bxf3+ 23. gxf3 cxd4 24. Rad1 Qxe5+ 25. Kf1 Rab8 26. Rxd4 Rfd8 27. f4 Qh5 28. Kg2 Rb2 29. Qa3 Qe2 30. Qf3 Qxf3+ 31. Kxf3 Rb3+ 32. Kg2 Rb7 33. Rhd1 g6 34. Ba4 Rxd4 35. Rxd4 Kg7 36. Kf3 Kf6 37. Rd6 Rc7 38. Ra6 Rc3+ 39. Kg2 Rc4 40. Kg3 Rc7 41. f3 Ke7 42. Bc6 Kd6 43. Kf2 Ke7 44. Ba4 Kf6 45. Bc6 Ke7 46. Ke3 Kd6 47. Ba4+ Ke7 48. Kd4 Rb7 49. Bc6 Rb4+ 50. Ke3 Rb3+ 51. Kf2 Rb2+ 52. Kg3 Kf6 53. Rxa7 Rb8 54. Bd7 Rd8 55. Rc7 Ke7 56. Bb5+ Kf6 57. Bc6 Rb8 58. Bb7 Rd8 59. Kf2 Rd2+ 60. Kg3 Rd4 61. Bc8 Rd8 62. Kf2 Rd2+ 63. Ke3 Rd8 64. Bb7 Rd1 65. Ba6 Rd8 66. Bb5 Rb8 67. Ba4 Ra8 68. Bc6 Rd8 69. Ke4 Rb8 70. Rb7 Rc8 71. Bd7 Rd8 72. Bb5 Kg7 73. Bc6 Kf6 74. Bb5 Kg7 75. Rd7 Rb8 76. Bc4 Kf6 77. Rc7 Rd8 78. Ke3 Rd6 79. Rc8 Rd7 80. Rb8 Rc7 81. Kd4 Rd7+ 82. Ke4 Rc7 83. Bb5 Ra7 84. Bc6 Rc7 85. Rb6 Rc8 86. Ra6 Rd8 87. Ra8 Rd1 88. Be8 Ke7 89. Bb5 Kf6 90. Ra7 Rd8 91. Rb7 1/2-1/2

[Event "56th Biel Festival MTO 2023"]
[White "Quesada Perez,Luis Ernesto"]
[Black "Rohith Krishna S"]
[Site "Biel"]
[Round "10.11"]
[Annotator "ChessBase"]
[Result "1/2-1/2"]
[Date "2023.07.28"]
[WhiteElo "2553"]
[BlackElo "2429"]
[PlyCount "182"]

1. e4 e5 2. Nf3 Nc6 3. Bb5 a6 4. Ba4 Nf6 5. O-O Be7 6. Re1 b5 7. Bb3 O-O 8. h3 d6 9. c3 Na5 10. Bc2 c5 11. d4 Qc7 12. d5 Bd7 13. b3 Nb7 14. Be3 g6 15. Nbd2 Nh5 16. a4 Rfb8 17. Nf1 Ng7 18. N3h2 h5 19. f4 exf4 20. Bxf4 Bf6 21. Qf3 c4 22. b4 a5 23. axb5 axb4 24. Rxa8 Rxa8 25. cxb4 Bxb5 26. Qg3 Ra2 27. Ne3 Bd4 28. Nf3 Bb6 29. Bb1 Rb2 30. e5 Rxb1 31. Rxb1 Nf5 32. Qg5 dxe5 33. Kh1 Bxe3 34. Bxe3 Nbd6 35. Bc5 Ne4 36. d6 Qb8 37. Qc1 Neg3+ 38. Kh2 e4 39. Nh4 Ne2 40. Qg5 Ng7 41. Re1 c3 42. Rxe2 Bxe2 43. Qf6 Ne8 44. Qxc3 Bb5 45. Qg3 Kh7 46. Qe5 Qb7 47. Bd4 f6 48. Qe6 Kg7 49. d7 Qxd7 50. Qxe4 Qf7 51. Kg1 Nd6 52. Qf4 Qe6 53. Nf3 Nf7 54. Bc3 Qd6 55. Qe3 Qd3 56. Qe1 Qe2 57. Qa1 Qe3+ 58. Kh1 Qf4 59. Nd4 Bc4 60. b5 Ng5 61. Qe1 Bd5 62. Kg1 Ne4 63. Nf3 Qb8 64. Nd4 Qa7 65. Bb2 Nc5 66. Qf2 Qf7 67. Ne2 Ne4 68. Qd4 Bb7 69. Qb6 Qd7 70. Ng3 Qf7 71. Nxe4 Bxe4 72. Qe3 Bb7 73. Qf4 Qe7 74. Kh2 Kf7 75. h4 Qe6 76. Bd4 Qe7 77. Kg1 Qe1+ 78. Kh2 Qe7 79. Bc3 Qe6 80. Qc7+ Qe7 81. Qb8 Qe4 82. Qc7+ Ke8 83. Qb8+ Kf7 84. Qc7+ Ke8 85. Qg3 Kf7 86. b6 Qc6 87. Qc7+ Qxc7+ 88. bxc7 Ke6 89. Kg3 Kd7 90. Kf4 Bxg2 91. Bxf6 Kxc7 1/2-1/2

[Event "56th Biel Festival MTO 2023"]
[White "Saraci,Nderim"]
[Black "Huang,Qian"]
[Site "Biel"]
[Round "10.13"]
[Annotator "ChessBase"]
[Result "1/2-1/2"]
[Date "2023.07.28"]
[WhiteElo "2472"]
[BlackElo "2422"]
[PlyCount "102"]

1. d4 d5 2. Nf3 Nf6 3. Bf4 e6 4. e3 Bd6 5. Bg3 O-O 6. Nbd2 c5 7. c3 b6 8. a4 Nc6 9. Bd3 Bb7 10. Qe2 Ne7 11. O-O Bxg3 12. hxg3 Ne4 13. Ba6 Bxa6 14. Qxa6 Nxd2 15. Nxd2 Qc7 16. a5 Rab8 17. axb6 axb6 18. Ra2 e5 19. dxe5 Qxe5 20. Rfa1 Qe6 21. Qd3 Nc6 22. Ra6 h6 23. Qb5 Ne5 24. Nf3 Nc4 25. b3 Nd6 26. Qd3 Ne4 27. Nd2 c4 28. Qd4 cxb3 29. R6a3 Rfc8 30. Nxe4 dxe4 31. Qb4 Rd8 32. Qxb3 Qf6 33. Qb4 Rd2 34. Rf1 Qc6 35. Rb3 Rc2 36. Qd4 Qe6 37. Rb4 b5 38. Rbb1 Qc6 39. Qe5 Re8 40. Qxb5 Rxc3 41. Qxc6 Rxc6 42. Rb5 Rce6 43. Rd1 Re5 44. Rdd5 Rxd5 45. Rxd5 g6 46. g4 Kg7 47. Kh2 g5 48. Kg3 Re6 49. Rf5 Kg6 50. Rd5 Kg7 51. Rf5 Kg6 1/2-1/2

[Event "56th Biel Festival MTO 2023"]
[White "Wang,Chen"]
[Black "Huston,Gus"]
[Site "Biel"]
[Round "10.14"]
[Annotator "ChessBase"]
[Result "1-0"]
[Date "2023.07.28"]
[WhiteElo "2477"]
[BlackElo "2341"]
[PlyCount "75"]

1. e4 c5 2. Nf3 d6 3. Bb5+ Bd7 4. Bxd7+ Nxd7 5. O-O Ngf6 6. Qe2 e6 7. b3 Be7 8. Bb2 O-O 9. c4 a6 10. Nc3 Re8 11. Kh1 Qc7 12. d4 cxd4 13. Nxd4 Bf8 14. f4 e5 15. Nf5 Qc6 16. Qf3 b5 17. Ne3 Qb7 18. cxb5 axb5 19. Ncd5 Nxd5 20. Nxd5 Ra7 21. Rac1 Rc8 22. fxe5 Nxe5 23. Bxe5 Rxc1 24. Rxc1 dxe5 25. Rc2 Qd7 26. h3 Qe6 27. Qd3 b4 28. Qb5 Qd6 29. Rc8 Rxa2 30. Qc6 Qe6 31. Qc5 Qxc8 32. Qxc8 g6 33. Qe8 Rd2 34. Qxe5 h6 35. Nf6+ Kh8 36. Nd7+ Bg7 37. Qe8+ Kh7 38. Qxf7 1-0

[Event "56th Biel Festival MTO 2023"]
[White "Weishaeutel,Moritz"]
[Black "Schnepp,Gunnar"]
[Site "Biel"]
[Round "10.15"]
[Annotator "ChessBase"]
[Result "1/2-1/2"]
[Date "2023.07.28"]
[WhiteElo "2442"]
[BlackElo "2278"]
[PlyCount "20"]

1. d4 Nf6 2. c4 e6 3. Nc3 Bb4 4. e3 b6 5. Nge2 Ne4 6. Qc2 Bb7 7. a3 Bxc3+ 8. Nxc3 Nxc3 9. bxc3 Qh4 10. Bb2 Be4 1/2-1/2

[Event "56th Biel Festival MTO 2023"]
[White "Sukandar,Irine Kharisma"]
[Black "Materia,Marco"]
[Site "Biel"]
[Round "10.16"]
[Annotator "ChessBase"]
[Result "1-0"]
[Date "2023.07.28"]
[WhiteElo "2358"]
[BlackElo "2436"]
[PlyCount "93"]

1. e4 c5 2. Nf3 e6 3. c4 Nc6 4. Be2 Nf6 5. Nc3 Be7 6. d4 cxd4 7. Nxd4 O-O 8. Be3 Nxd4 9. Qxd4 d6 10. O-O e5 11. Qd2 Be6 12. Rfd1 a6 13. f3 Rc8 14. b3 h6 15. Bf1 Qc7 16. Rac1 Qb8 17. Qf2 Rc6 18. a4 Bd8 19. Nd5 Bxd5 20. exd5 Rc8 21. Bd3 Rc7 22. Bf5 b6 23. Kh1 Kh8 24. b4 Rb7 25. Re1 a5 26. Qd2 Ng8 27. Rb1 axb4 28. Qxb4 Ne7 29. Bd3 b5 30. axb5 Bb6 31. Bxb6 Rxb6 32. f4 f6 33. Rf1 Rc8 34. fxe5 fxe5 35. Qe1 Rb7 36. Qe4 g6 37. Qh4 Ng8 38. Bxg6 Rg7 39. Bd3 Qa7 40. b6 Qa3 41. Qe4 Rb8 42. Rb5 Qa2 43. h3 Qd2 44. Rb3 Ne7 45. Bc2 Rbg8 46. Rg3 Ng6 47. b7 1-0

[Event "56th Biel Festival MTO 2023"]
[White "Rosen,Eric"]
[Black "Jinan Jomon"]
[Site "Biel"]
[Round "10.17"]
[Annotator "ChessBase"]
[Result "1/2-1/2"]
[Date "2023.07.28"]
[WhiteElo "2344"]
[BlackElo "2409"]
[PlyCount "120"]

1. c4 e6 2. Nc3 d5 3. e3 Nf6 4. Nf3 b6 5. b3 Bb7 6. Bb2 a6 7. g3 c5 8. cxd5 exd5 9. Bg2 Bd6 10. O-O O-O 11. d4 Re8 12. Rc1 Nbd7 13. Nh4 cxd4 14. Qxd4 Be5 15. Qd3 Nc5 16. Qb1 Nfe4 17. Nf3 Bd6 18. Rfd1 Nxc3 19. Bxc3 Ne4 20. Bb2 Qe7 21. Nd4 Qg5 22. Qd3 Rac8 23. Nf3 Qh6 24. Rxc8 Rxc8 25. Nh4 Bf8 26. Nf5 Qe6 27. Nd4 Qf6 28. Rf1 b5 29. Bh3 Re8 30. Qc2 Qh6 31. Bd7 Ra8 32. Qc7 Nc5 33. Nf5 Qg5 34. Bxg7 Nxd7 35. Bxf8 Qxf5 36. Bh6 Rb8 37. Rc1 f6 38. Qd6 d4 39. Qe7 Qg6 40. Qxd7 Qxh6 41. Rc7 Bf3 42. Qe6+ Kh8 43. Rc8+ Rxc8 44. Qxc8+ Kg7 45. Qd7+ Kg6 46. Qe8+ Kg7 47. Qd7+ Kg8 48. Qe6+ Kf8 49. Qd6+ Ke8 50. Qe6+ Kf8 51. Qd6+ Ke8 52. Qe6+ Kd8 53. Qd6+ Kc8 54. Qxa6+ Bb7 55. Qe6+ Kb8 56. Qd6+ Kc8 57. Qc5+ Kb8 58. Qd6+ Kc8 59. Qc5+ Kb8 60. Qd6+ Kc8 1/2-1/2

[Event "56th Biel Festival MTO 2023"]
[White "Ajay Krishna,S."]
[Black "Karthik Rajaa"]
[Site "Biel"]
[Round "10.18"]
[Annotator "ChessBase"]
[Result "1/2-1/2"]
[Date "2023.07.28"]
[WhiteElo "2390"]
[BlackElo "2276"]
[PlyCount "160"]

1. Nf3 Nf6 2. c4 c5 3. b3 g6 4. Bb2 Bg7 5. g3 b6 6. Bg2 Bb7 7. O-O O-O 8. d4 Na6 9. Nc3 d5 10. Ne5 e6 11. dxc5 bxc5 12. cxd5 exd5 13. Nd3 Qe7 14. Na4 Rac8 15. Rc1 Ne4 16. Bxg7 Kxg7 17. Rc2 Kg8 18. Qc1 c4 19. bxc4 dxc4 20. Ndb2 Nb4 21. Rxc4 Rxc4 22. Nxc4 Rc8 23. Nab2 Nd5 24. Qc2 Nb6 25. Qd3 Nxc4 26. Nxc4 Qe6 27. Ne3 Nc5 28. Qd4 Bxg2 29. Kxg2 Qe4+ 30. Qxe4 Nxe4 31. Rb1 Rc5 32. f3 Nd6 33. Kf2 Ra5 34. Rb2 Kg7 35. Rc2 Ra4 36. Nd5 Rd4 37. Nf4 Nb5 38. Nd3 Ra4 39. Nc5 Ra3 40. Nb3 Ra4 41. Ke3 a6 42. Nc5 Ra3+ 43. Kd2 Nd4 44. Rb2 h5 45. Nd3 g5 46. Ne1 g4 47. fxg4 hxg4 48. Nd3 Ne6 49. Nc1 f5 50. Rb3 Ra4 51. Rb6 Kf7 52. Kc3 Nd4 53. Rb4 Nb5+ 54. Kb3 Ra3+ 55. Kb2 Re3 56. Rb3 Re4 57. a3 Ke6 58. e3 Nd6 59. Nd3 Rxe3 60. Nc5+ Kd5 61. Rxe3 Nc4+ 62. Kc3 Nxe3 63. Nxa6 Nf1 64. Nb4+ Kc5 65. Nc2 Nxh2 66. Nd4 Nf1 67. Nxf5 Kb5 68. Kb2 Ka4 69. Ka2 Ka5 70. Kb3 Nd2+ 71. Kc2 Nf1 72. Kc3 Ka4 73. Kb2 Ka5 74. Nh6 Nxg3 75. Nxg4 Ne4 76. Ne3 Nc5 77. Nd5 Nd3+ 78. Kb3 Nc5+ 79. Kc4 Ka4 80. Kxc5 Kxa3 1/2-1/2

[Event "56th Biel Festival MTO 2023"]
[White "Pham,Le Thao Nguyen"]
[Black "Joly,Julien"]
[Site "Biel"]
[Round "10.19"]
[Annotator "ChessBase"]
[Result "1-0"]
[Date "2023.07.28"]
[WhiteElo "2369"]
[BlackElo "2249"]
[PlyCount "117"]

1. c4 e6 2. Nf3 d5 3. d4 Nf6 4. Nc3 Bb4 5. Qa4+ Nc6 6. a3 Bxc3+ 7. bxc3 Bd7 8. cxd5 exd5 9. Bg5 b6 10. e3 h6 11. Bb5 Nb8 12. Bxf6 Qxf6 13. Bxd7+ Nxd7 14. Ne5 Qd6 15. O-O a6 16. Rab1 Rd8 17. c4 O-O 18. Nc6 Rde8 19. cxd5 Qxd5 20. Rfc1 a5 21. Rb5 Qd6 22. Qb3 Nc5 23. dxc5 Qxc6 24. Qb2 Qe4 25. cxb6 cxb6 26. Rxb6 Rc8 27. h3 Rxc1+ 28. Qxc1 Qe5 29. Qb2 Qd5 30. Rb5 Qd1+ 31. Kh2 a4 32. Rb4 Rd8 33. Qe5 Qc2 34. Qf4 Ra8 35. Rb7 Qa2 36. Rd7 Qb3 37. Qe4 Rc8 38. Rd3 Qb2 39. Qf5 Ra8 40. e4 Re8 41. f4 Qc1 42. e5 Qc4 43. Rg3 Re6 44. h4 Rb6 45. h5 Rb3 46. Qg4 Rxg3 47. Kxg3 Qb3+ 48. Qf3 Kf8 49. Kf2 Ke7 50. Qe3 Ke6 51. Qc5 Kf5 52. g3 Kg4 53. Qc8+ Kxh5 54. Qf5+ g5 55. Kg2 Qb7+ 56. Kh2 Qd5 57. fxg5 Qe6 58. g4+ Kh4 59. Qxe6 1-0